• 首页
  • 本馆介绍
  • 公告通知
  • 最新文献
  • 馆藏检索
  • 电子资源
  • 读者导购
  • 参考咨询
  • 我的图书馆
  • 登录
  • 详细信息显示
  • 放入我的书架
  • 预约/预借图书
  • 作者相关作品
  • 分类相关作品
  • 丛书相关作品
  • 出版社相关作品

书目信息

  • 表格格式
  • 工作单格式
  • 卡片格式
题名:
明代剧作家考略
    
 
作者: 罗锦堂 著
分册:  
出版信息: 西安   陕西师范大学出版社  2017
页数: 148页
开本: 25cm
丛书名: 罗锦堂曲学研究丛书
单 册:
中图分类: K825.6=48
科图分类:
主题词: 剧作家--人物研究--中国--明代
电子资源:
ISBN: 978-7-5613-8929-4
000 00981oam2 2200241 450
001 1970
005 20180522154405.57
010    @a978-7-5613-8929-4@b精装@dCNY38.00
100    @a20170619d2017 em y0chiy50 ea
101 0  @achi
102    @aCN@b610100
105    @ay z 000yy
200 1  @a明代剧作家考略@9ming dai ju zuo jia kao lue@f罗锦堂著
210    @a西安@c陕西师范大学出版社@d2017
215    @a148页@d25cm
225 1  @a罗锦堂曲学研究丛书
330    @a本书以清晰的脉络和详实的资料梳理、考查了明代剧作家和杂剧作家数百位,材料丰富,考证精确,极其广泛第涵盖了明代的剧作家和杂剧作家,并把每一位作家的生平、作品尽量铺陈,一目了然。全书共分明代剧作家叙说、明代杂剧作家、明代传奇作家和明代戏剧资料四部分,清晰具体地展现了明代剧作家、杂剧作家的时代、生活、作品。
461  0 @12001 @a罗锦堂曲学研究丛书
606 0  @a剧作家@x人物研究@y中国@z明代
690    @aK825.6=48@v5
701  0 @a罗锦堂@9luo jin tang@4著
801  0 @aCN@b91MARC@c20170619
905    @aMuseLib@dK825.6=48@e1080
    
    明代剧作家考略/罗锦堂著.-西安:陕西师范大学出版社,2017
    148页;25cm.-(罗锦堂曲学研究丛书)
    
    
    ISBN 978-7-5613-8929-4(精装):CNY38.00
    本书以清晰的脉络和详实的资料梳理、考查了明代剧作家和杂剧作家数百位,材料丰富,考证精确,极其广泛第涵盖了明代的剧作家和杂剧作家,并把每一位作家的生平、作品尽量铺陈,一目了然。全书共分明代剧作家叙说、明代杂剧作家、明代传奇作家和明代戏剧资料四部分,清晰具体地展现了明代剧作家、杂剧作家的时代、生活、作品。
●
相关链接 在E读中查询图书 在五车中查询图书 在当当中查询图书 在豆瓣中查询图书


正题名:明代剧作家考略     索取号:K825.6=48/1080         预约/预借

序号 登录号 条形码 馆藏地/架位号 状态 备注
1 1107433   211074335   第二样本阅览室/ [索取号:K825.6=48/1080] 在馆    
2 1107434   211074344   教育系资料室/ [索取号:K825.6=48/1080] 在馆    
3 1107435   211074353   教育系资料室/ [索取号:K825.6=48/1080] 在馆    
4 1107436   211074362   第二借阅区/ [索取号:K825.6=48/1080] 在馆    
唐山师范学院图书馆 欢迎您!
大连网信软件有限公司© 版权所有